00884nam a2200265 u 450000100070000000500170000700800410002403500110006504000130007604100080008908000060009708000090010308200080011224500850012026000430020530000250024865000330027365000190030665000210032565000360034665000310038270000470041370000430046050001150050318794920260506081351.0980529s1998 ||||||m| spa  a187949 ccomduadb aspa aT aR/CD 4a36210aLibertad asistida : una opcion de cambio para jovenes infractores-contraventores aMedellín :b[sin publicador],c1998. a233h. il fotografias aTrabajo social con jóvenes 7aJuventud2lemb 7aViolencia2embne aJuventud y violencia - Colombia 7aDelincuencia juvenil2lemb10aCastaneda Alzate, Sandra Liliana4auteaut10aMontoya Macias, Gloria Lucia4auteaut aTesis (Especialista en Gerencia del Desarrollo Social). Universidad de Antioquia - Título del grado otorgado